Ama Il Prossimo Tuo

I tiakina i:
Ngā taipitopito rārangi puna kōrero
Kaituhi matua: Erich M.Remarque
Hōputu: Pukapuka
Reo:Undetermined
I whakaputaina: Oscor Mandatori
Ngā Tūtohu: Tāpirihia he Tūtohu
Kāore He Tūtohu, Me noho koe te mea tuatahi ki te tūtohu i tēnei pūkete!

MARC

LEADER 00000nam a2200000Ia 4500
001 R-731
003 CODICE-MESSINA
005 20260212102456.0
008 260211s9999 xx 000 0 und d
040 |c importazione_messina 
100 |a Erich M.Remarque 
245 0 |a Ama Il Prossimo Tuo 
260 |b Oscor Mandatori 
942 |2 ddc  |c BK 
952 |0 0  |1 0  |2 ddc  |4 0  |6 SCAFFALE_6_000000000000000__ROMANZI  |7 0  |9 31557  |a ME  |b ME  |d 2026-02-11  |l 0  |o SCAFFALE 6 - ROMANZI  |p R-731  |r 2026-02-11 23:52:38  |w 2026-02-11  |x [REVISIONARE]  |y BK 
999 |c 27222  |d 27222